00274nam a2200109Ia 4500008004000000082001300040100003900053245002100092260002600113300001100139650001400150210210b1970 xxu||||| |||| 00| 0 eng d a591 GOOG aGOODNIGHT (Clarence J) and others. aGeneral zoology. aN DelhibOxfordc1970 axi,564 aZoology